PC Software Made Easy: (Record no. 88)

MARC details
000 -LEADER
fixed length control field 00468nam a22001577a 4500
005 - DATE AND TIME OF LATEST TRANSACTION
control field 20180205120817.0
008 - FIXED-LENGTH DATA ELEMENTS--GENERAL INFORMATION
fixed length control field 160427b xxu||||| |||| 00| 0 eng d
020 ## - INTERNATIONAL STANDARD BOOK NUMBER
ISBN 81-8209-070-9
041 ## - LANGUAGE CODE
Language code of text/sound track or separate title eng
082 ## - DEWEY DECIMAL CLASSIFICATION NUMBER
Item number 00262
Classification number 005.12
100 ## - MAIN ENTRY--AUTHOR NAME
Personal name Leon, Alexis and Mathews Leon
245 ## - TITLE STATEMENT
Title PC Software Made Easy:
Remainder of title fundamentals of computers ms-word , ms-exel and ms-power point
260 ## - PUBLICATION, DISTRIBUTION, ETC. (IMPRINT)
Place of publication Chennai
Name of publisher Vijay Nicole Imprnt. Pvt. Ltd.
Year of publication 2005
300 ## - PHYSICAL DESCRIPTION
Number of Pages 550
942 ## - ADDED ENTRY ELEMENTS (KOHA)
Koha item type Books
Holdings
Lost status Damaged status Collection code Home library Current library Shelving location Date acquired Cost, normal purchase price Full call number Accession Number Koha item type
    CS/IT JRU Library JRU Library SHELF-53-I 27/04/2016 200.00 005.12 00262 Books
    CS/IT JRU Library JRU Library SHELF-53-I 27/04/2016 200.00 005.12 00263 Books
    CS/IT JRU Library JRU Library SHELF-53-I 27/04/2016 200.00 005.12 00264 Books
    CS/IT JRU Library JRU Library SHELF-53-I 27/04/2016 200.00 005.12 00265 Books
    CS/IT JRU Library JRU Library SHELF-53-I 27/04/2016 200.00 005.12 00266 Books